| 000 | 01080nam a2200301Ia 4500 | ||
|---|---|---|---|
| 003 | OSt | ||
| 005 | 20220912151229.0 | ||
| 006 | a|||||r|||| 00| 0 | ||
| 007 | ta | ||
| 008 | 220909b |||||||| |||| 00| 0 eng d | ||
| 020 | _a0521377684 (pbk) | ||
| 024 | _a11501 | ||
| 037 | _bUnilib, | ||
| 037 | _cTextual | ||
| 040 |
_aCSL _beng _cCSL |
||
| 041 | _aeng | ||
| 082 | _aCN11, M9-;1 | ||
| 100 | _aFulling Stephen A | ||
| 245 | 0 | _aAspects of quantum field theory in curved space-time by Stephen A Fulling | |
| 260 |
_aCambridge _bCambridge University Press _c1989 |
||
| 300 | _avii, 315p | ||
| 490 | _aLondon mathematical society student texts; 17 | ||
| 500 | _a (Reprinted in 2003); ; Bibliography 287-301p; Index 302-315p; ^n23/CSL/C/2003-2004/979^d2003-11-10^mPurchase; ; 2003-04/598^b2003-12-16^c275^d2003-12-09^eRs.37,804.00^fUnilib Book Distributors; ; 2004-03-11^bSB^c2004-03-11^dVinay | ||
| 650 | _a Quantum field theory | ||
| 650 | _aPhysics | ||
| 942 |
_hCN11, M9-;1 _cTEXL _2CC |
||
| 999 |
_c64119 _d64119 |
||